Parte práctica de botánica / (Record no. 157771)

MARC details
000 -LEADER
campo de control de longitud fija 00966nam a2200253 i 4500
001 - NÚMERO DE CONTROL
campo de control 157771
003 - IDENTIFICADOR DE NÚMERO DE CONTROL
campo de control ES-MaACL
005 - FECHA Y HORA DE LA ÚLTIMA TRANSACCIÓN
campo de control 20250930063137.0
008 - DATOS DE LONGITUD FIJA--INFORMACIÓN GENERAL
campo de control de longitud fija 931025s1787 sp |||| | spa d
080 ## - NÚMERO DE LA CLASIFICACIÓN DECIMAL UNIVERSAL
Número de la Clasificación Decimal Universal 58
100 0# - ENTRADA PRINCIPAL--NOMBRE DE PERSONA
Nombre de persona Linné, Carl von,
Fechas asociadas al nombre 1707-1778
9 (RLIN) 72451
245 10 - MENCIÓN DEL TÍTULO
Título Parte práctica de botánica /
Mención de responsabilidad, etc. del caballero Carlos Linneo... ; traducida del latin en castellano e ilustrada por don Antonio Paláu y Verdéra... ; tomo VI.
260 ## - PUBLICACIÓN, DISTRIBUCIÓN, ETC.
Lugar de publicación, distribución, etc. Madrid :
Nombre del editor, distribuidor, etc. en la Imprenta Real,
Fecha de publicación, distribución, etc. 1787.
300 ## - DESCRIPCIÓN FÍSICA
Extensión [4], 925 [i.e. 923] p. ;
Dimensiones 8º.
546 ## - NOTA DE IDIOMA
Nota de lengua/lenguaje Texto paralelo latín-español.
597 ## - NOTA DE DESCRIPCIÓN FÍSICA
NOTA DE DESCRIPCIÓN FÍSICA Sign.: [ ]2, A-Z8, 2A-2Z8, 3A-3L8, 3M6.
597 ## - NOTA DE DESCRIPCIÓN FÍSICA
NOTA DE DESCRIPCIÓN FÍSICA Error de pag.: de p. 687 pasa a p. 690.
597 ## - NOTA DE DESCRIPCIÓN FÍSICA
NOTA DE DESCRIPCIÓN FÍSICA Parte del texto a dos col.
597 ## - NOTA DE DESCRIPCIÓN FÍSICA
NOTA DE DESCRIPCIÓN FÍSICA Antep.
650 #7 - PUNTO DE ACCESO ADICIONAL DE MATERIA--TÉRMINO DE MATERIA
Término de materia o nombre geográfico como elemento de entrada Botánica
Fuente del encabezamiento o término embne
9 (RLIN) 10610
700 1# - ENTRADA AGREGADA--NOMBRE PERSONAL
Nombre de persona Palau y Verdera, Antonio.
9 (RLIN) 88508
852 4# - LOCALIZACIÓN
Ubicación ES-MaACL
Número de control de estantería R-2161-69
Nota libre - Enc. pasta
Encuadernación Olim G-7079-87
Holdings
Estatus retirado Estado de pérdida Estado de daño No para préstamo Colección Biblioteca de origen Biblioteca actual Ubicación en estantería Fecha de adquisición Total de préstamos Signatura topográfica completa Código de barras Visto por última vez Precio de reemplazo Tipo de ítem Koha
        Libros del s. XVIII Biblioteca del Ateneo de Madrid Biblioteca del Ateneo de Madrid Depósito 17/01/2008   R-2161-69 1165107 23/02/2023 23/02/2023 Libro impreso antiguo